01341cam a22003374a 45000010009000000050017000090080041000260100017000670200036000840350023001200400054001430420008001970430012002050500024002170820020002411000019002612450123002802600099004033000040005024400042005424400053005845040066006376500039007036500035007426500030007776510041008077000026008487000019008747000019008938560091009121287805120170105102842.0020731s2003 enkab b 001 0 eng  a 2002031604 a041529746X (hdbk. : alk. paper) a(OCoLC)ocm50322855 aDLCcDLCdUKMdC#PdCODdOCLCQdBAKERdNLGGCdDLC apcc aaz-----00aGN635.S57bM34 200300a623.82009542211 aMcGrail, Sean.10aBoats of South Asia /cSeán McGrail with Lucy Blue, Eric Kentley and Colin Palmer ; introduction by Basil Greenhill. aNew York :bRoutledgeCurzon :bIn Association with the Society for South Asian Studies,c2003. axvi, 316 p. :bill., maps ;c24 cm. 0aRoutledgeCurzon studies in South Asia 0aMonograph of the Society for South Asian Studies aIncludes bibliographical references (p. 291-299) and indexes. 0aMaritime anthropologyzSouth Asia. 0aBoats and boatingzSouth Asia. 0aBoatbuildingzSouth Asia. 0aSouth AsiaxSocial life and customs.1 aBlue, Lucy Katherine.1 aKentley, Eric.1 aPalmer, Colin.423Publisher descriptionuhttp://www.loc.gov/catdir/enhancements/fy0650/2002031604-d.html